Easy mental math quiz (part 2) - Statistics

General Stats
  • This quiz has been taken 60 times
  • The average score is 14 of 20
Answer Stats
Hint Answer % Correct
72+8 80
93%
64+27 91
93%
17*6 102
89%
56-38 18
85%
74-48 26
85%
49+38 87
85%
26*6 156
81%
54+39 93
81%
14*7 98
81%
82-56 26
74%
96/6 16
70%
81/3 27
70%
94/2 47
70%
27+26 53
67%
91-72 19
63%
67+17 84
59%
72/6 12
56%
46*7 322
48%
93-79 14
44%
27*7 189
37%
No matching quizzes found
Score Distribution
Percent of People with Each Score
Percentile by Number Answered
Your Score History
You have not taken this quiz